000 00626nam a2200253Ia 4500
003 OSt
005 20220912151742.0
006 a|||||r|||| 00| 0
007 ta
008 220909b |||||||| |||| 00| 0 eng d
024 _a27563
037 _cTextual
040 _aCSL
_beng
_cCSL
041 _aeng
082 _aY:4582, L8
100 _aWright Sam
245 0 _aCrowds and riots
260 _aLondon
_bSage
_c1978
300 _a206p.
_ccm.
500 _aAppendix 155-180p; Bibliography 181-198p
650 _aCrime
942 _hY:4582, L8
_cTEXL
_2CC
999 _c74553
_d74553